000 01241namaa2200301 i 4500
003 EG-GiCUC
005 20260514122908.0
008 190820s2003 ua jr 000 0 ara d
017 _a2003 / 1976
_bدار الكتب و الوثاثق القومية (مصر)
020 _a977180258
040 _aEG-GiCUC
_bara
_cEG-GiCUC
082 0 4 _221
_a811.009
_bS537s 2003
092 0 4 _a811.009
_bS537s 2003
_221
099 _a811.009 S537s 2003
100 1 _aصبرى، محمد،
_d1894-1978
245 1 2 _aالشوقيات المجهولة:
_bاثار شوقى التى لم يسبق كشفها او نشرها : دراسات و اضواء جديدة على حياه الشاعر و عصره و ادبه /
250 _aالطبعة التانية
264 _aالقاهرة :
_bدار الكتب،
_c2003
300 _a2 مج
_c30 سم
504 _aيشتمل على ارجاعات ببليوجرافية
541 _cاهداء ؛
_aا.د.على ابو المكارم ؛
_bالقاهرة ؛
_d2019
600 1 0 _aشوقى : احمد :
_d 1868-1932
650 7 _aالشعر العربى
_xتاريخ و نقد
_2qrmak
902 _a1
905 _aاسماء
_eمدخل
905 _aرضا
_eمراجع
942 _2ddc
_cBK
999 _c155253
_d155253